<?xml version="1.0" encoding="UTF-8"?>
<record
    xmlns:xsi="http://www.w3.org/2001/XMLSchema-instance"
    xsi:schemaLocation="http://www.loc.gov/MARC21/slim http://www.loc.gov/standards/marcxml/schema/MARC21slim.xsd"
    xmlns="http://www.loc.gov/MARC21/slim">

  <leader>00829nam a22001937a 4500</leader>
  <controlfield tag="005">20240709145324.0</controlfield>
  <datafield tag="010" ind1=" " ind2=" ">
    <subfield code="a">HIN- 127963</subfield>
  </datafield>
  <datafield tag="020" ind1=" " ind2=" ">
    <subfield code="c">395.00</subfield>
    <subfield code="a">9789386720535</subfield>
  </datafield>
  <datafield tag="035" ind1=" " ind2=" ">
    <subfield code="a">HN-100309</subfield>
  </datafield>
  <datafield tag="037" ind1=" " ind2=" ">
    <subfield code="b">DBAD</subfield>
  </datafield>
  <datafield tag="082" ind1=" " ind2=" ">
    <subfield code="a">230.1</subfield>
  </datafield>
  <datafield tag="100" ind1=" " ind2=" ">
    <subfield code="a">&#x915;&#x902;&#x935;&#x930;, &#x91C;&#x93F;&#x92F;&#x93E;</subfield>
    <subfield code="9">68319</subfield>
  </datafield>
  <datafield tag="245" ind1=" " ind2=" ">
    <subfield code="a">&#x92F;&#x941;&#x927;&#x93F;&#x937;&#x94D;&#x920;&#x93F;&#x930;/</subfield>
    <subfield code="c">&#x926;&#x94D;&#x935;&#x93E;&#x930;&#x93E;  &#x91C;&#x93F;&#x92F;&#x93E; &#x915;&#x902;&#x935;&#x930;</subfield>
  </datafield>
  <datafield tag="250" ind1=" " ind2=" ">
    <subfield code="a">1</subfield>
  </datafield>
  <datafield tag="260" ind1=" " ind2=" ">
    <subfield code="a">&#x917;&#x93C;&#x93E;&#x91C;&#x93C;&#x93F;&#x92F;&#x93E;&#x92C;&#x93E;&#x926;</subfield>
    <subfield code="b">&#x930;&#x93E;&#x920;&#x94B;&#x930; &#x92A;&#x92C;&#x94D;&#x932;&#x93F;&#x936;&#x930;</subfield>
    <subfield code="c">2020</subfield>
  </datafield>
  <datafield tag="270" ind1=" " ind2=" ">
    <subfield code="b">&#x917;&#x93C;&#x93E;&#x91C;&#x93C;&#x93F;&#x92F;&#x93E;&#x92C;&#x93E;&#x926;</subfield>
    <subfield code="a">&#x92C;&#x947;&#x938;&#x92E;&#x947;&#x902;&#x91F;-260,&#x936;&#x915;&#x94D;&#x924;&#x93F;&#x915;&#x902;&#x926;-III, &#x907;&#x902;&#x926;&#x93F;&#x930;&#x93E;&#x92A;&#x941;&#x930;&#x92E;, &#x917;&#x93C;&#x93E;&#x91C;&#x93C;&#x93F;&#x92F;&#x93E;&#x92C;&#x93E;&#x926; (&#x909;.&#x92A;.)</subfield>
    <subfield code="e">201010</subfield>
    <subfield code="k">09958828738</subfield>
    <subfield code="m">rathorepublishers@gmail.com</subfield>
  </datafield>
  <datafield tag="300" ind1=" " ind2=" ">
    <subfield code="a">v, 112 p.</subfield>
    <subfield code="c">22cm (&#x938;&#x91C;&#x93F;&#x932;&#x94D;&#x926;)</subfield>
  </datafield>
  <datafield tag="942" ind1=" " ind2=" ">
    <subfield code="2">ddc</subfield>
    <subfield code="c">EN</subfield>
    <subfield code="h">230.1</subfield>
    <subfield code="m">&#x915;&#x902;&#x935;&#x930;</subfield>
  </datafield>
  <datafield tag="999" ind1=" " ind2=" ">
    <subfield code="c">204073</subfield>
    <subfield code="d">204073</subfield>
  </datafield>
  <datafield tag="952" ind1=" " ind2=" ">
    <subfield code="0">0</subfield>
    <subfield code="1">0</subfield>
    <subfield code="4">0</subfield>
    <subfield code="7">0</subfield>
    <subfield code="8">NFIC</subfield>
    <subfield code="a">CJ</subfield>
    <subfield code="b">CJ</subfield>
    <subfield code="d">2024-07-09</subfield>
    <subfield code="e">DBAD</subfield>
    <subfield code="g">395.00</subfield>
    <subfield code="l">0</subfield>
    <subfield code="o">230.1 &#x915;&#x902;&#x935;&#x930;</subfield>
    <subfield code="p">HN-100309</subfield>
    <subfield code="r">2024-07-10 00:00:00</subfield>
    <subfield code="t">1</subfield>
    <subfield code="v">395.00</subfield>
    <subfield code="w">2024-07-10</subfield>
    <subfield code="y">EN</subfield>
  </datafield>
</record>
